| 000 | 01142cam a2200301 a 4500 | ||
|---|---|---|---|
| 001 | 3979360 | ||
| 003 | Ke-BoTe | ||
| 005 | 20211129092148.0 | ||
| 008 | 950605s1995 ilua 100 0 eng | ||
| 010 | _a 95024130 | ||
| 020 | _a0842345957 (pbk.) | ||
| 040 |
_aDLC _cDLC _dDLC |
||
| 050 | 0 | 0 |
_aBV1475.2 _b.A18 1995 |
| 082 | 0 | 0 |
_a241/.07 _220 |
| 245 | 0 | 0 |
_a103 questions children ask about right from wrong / _cwritten by David R. Veerman ... [et al.]. |
| 246 | 3 | _aOne hundred three questions children ask about right from wrong | |
| 260 |
_aWheaton, Ill. : _bTyndale House Publishers, _cc1995. |
||
| 300 |
_a1 v. (unpaged) : _bill. ; _c21 cm. |
||
| 650 | 0 |
_aChristian education of children. _9540 |
|
| 650 | 0 |
_aChristian ethics _xStudy and teaching. _91215 |
|
| 650 | 0 |
_aChildren _xConduct of life. _91216 |
|
| 650 | 0 |
_aChildren _xReligious life. _91217 |
|
| 650 | 0 |
_aChristian education _xHome training. _91218 |
|
| 700 | 1 |
_aVeerman, David. _91219 |
|
| 906 |
_a7 _bcbc _corignew _d1 _eocip _f19 _gy-gencatlg |
||
| 942 |
_2lcc _cBK _n0 |
||
| 999 |
_c526 _d526 |
||